Dallas Fort Worth Int. Airport Destinations (Dallas/Ft Worth, TX, USA) - Statistics

General Stats
  • This quiz has been taken 507 times
    313 since last reset
  • The average score is 173 of 266
Answer Stats
Airline Destination % Correct
American Airlines/Frontier Airlines Las Vegas
94%
American Airlines/Frontier Airlines/United Airlines Denver
93%
Alaska Airlines/American Airlines/Delta Air Lines/Frontier Airlines Seattle/Tacoma
92%
American Airlines/American Eagle/Delta Air Lines/Frontier Airlines/Spirit Airlines Atlanta
91%
Frontier Airlines Chicago (Midway)
91%
American Airlines/American Eagle/Frontier Airlines/Spirit Airlines/United Airlines Chicago (O'Hare)
91%
American Airlines/Delta Air Lines/Frontier Airlines/Spirit Airlines Los Angeles
91%
American Airlines/Frontier Airlines/Spirit Airlines Miami
91%
American Airlines/Delta Air Lines/Frontier Airlines/Sun Country Airlines Minneapolis/St. Paul
91%
American Airlines/Delta Air Lines/Frontier Airlines New York (JFK)
91%
American Airlines/Delta Air Lines/Frontier Airlines/Spirit Airlines New York (LaGuardia)
91%
American Airlines/Frontier Airlines/Spirit Airlines Phoenix (Sky Harbor)
91%
American Airlines/Frontier Airlines/United Airlines San Francisco
91%
American Airlines/Delta Air Lines/Frontier Airlines/Spirit Airlines Detroit
90%
American Eagle Houston (Hobby)
90%
American Airlines/American Eagle/Frontier Airlines/Spirit Airlines/United Airlines/United Express Houston (Intercontinental)
90%
American Airlines/British Airways London (Heathrow)
90%
Air France/American Airlines Paris (Charles de Gaulle)
90%
American Airlines Portland (ME)
90%
Alaska Airlines/American Airlines/Frontier Airlines Portland (OR)
90%
American Airlines/Frontier Airlines San Diego
90%
American Airlines/Delta Air Lines/Frontier Airlines/JetBlue/Spirit Airlines Boston
89%
American Airlines/American Eagle/Spirit Airlines Kansas City
89%
American Airlines/Frontier Airlines/Spirit Airlines Philadelphia
89%
American Airlines/Spirit Airlines San Jose (CA)
89%
American Airlines San Jose (CR)
89%
American Airlines/Spirit Airlines/Sun Country Airlines San Jose del Cabo
89%
American Airlines/Frontier Airlines/Spirit Airlines Tampa
89%
American Airlines/Frontier Airlines/United Airlines Washington (Dulles)
89%
American Airlines Washington (National)
89%
American Airlines/American Eagle/Frontier Airlines Cincinnati
88%
American Airlines/Frontier Airlines/Spirit Airlines Indianapolis
88%
American Airlines/American Eagle/Spirit Airlines Memphis
88%
American Airlines/American Eagle/Frontier Airlines Nashville
88%
American Airlines/Frontier Airlines/Spirit Airlines Orlando
88%
American Airlines Pittsburgh
88%
American Airlines Tucson
88%
American Airlines/American Eagle Austin
87%
American Airlines/Frontier Airlines/Spirit Airlines Charlotte
87%
American Eagle Jackson (MS)
87%
American Airlines/Spirit Airlines/United Airlines Newark
87%
American Airlines/American Eagle/Spirit Airlines New Orleans
87%
American Airlines/Frontier Airlines/Spirit Airlines Baltimore
86%
American Airlines/Frontier Airlines Cleveland
86%
American Airlines/American Eagle El Paso
86%
American Airlines/Frontier Airlines Jacksonville (FL)
86%
American Airlines/Spirit Airlines Milwaukee
86%
American Airlines/American Eagle Oklahoma City
86%
American Airlines/Japan Airlines Tokyo (Haneda)
86%
American Airlines Tokyo (Narita)
86%
Air Canada/American Airlines Toronto (Pearson)
86%
American Airlines/American Eagle Albuquerque
84%
Aeroméxico/American Airlines/Viva/Volaris Mexico City
84%
American Airlines/Frontier Airlines/Spirit Airlines Raleigh/Durham
84%
Qantas Sydney
84%
American Airlines Vancouver
84%
American Airlines Boise
83%
American Airlines/Frontier Airlines/Spirit Airlines/Sun Country Airlines Cancun
83%
American Airlines/American Eagle/Frontier Airlines/Spirit Airlines Columbus (Glenn)
83%
American Eagle Columbus (MS)
83%
American Airlines/Delta Air Lines/Frontier Airlines Salt Lake City
83%
American Airlines/American Eagle/Spirit Airlines San Antonio
83%
American Airlines/Korean Air Seoul (Incheon)
83%
American Airlines/American Eagle Tulsa
83%
American Airilnes Buffalo
82%
American Airlines/American Eagle Colorado Springs
82%
American Airlines Dublin
82%
Air Canada/Air Canada Express/American Airlines Montréal (Trudeau)
82%
American Airlines Reno/Tahoe
82%
American Airlines/Frontier Airlines Sacramento
82%
American Airlines Savannah
82%
American Airlines/American Eagle St. Louis
82%
American Airlines Calgary
81%
American Airlines Honolulu
81%
American Airlines/American Eagle Louisville
81%
American Airlines/Iberia Madrid
81%
American Airlines Amsterdam
80%
American Airlines Barcelona
80%
Qantas Melbourne
80%
American Airlines/American Eagle Wichita
80%
Emirates Dubai (International)
79%
American Airlines/American Eagle Panama City (FL)
79%
American Airlines/American Eagle Birmingham (AL)
78%
American Airlines/Avianca Bogotá
78%
American Airlines/American Eagle Charleston (SC)
78%
American Airlines/American Eagle Little Rock
78%
American Airlines/American Eagle/Viva/Volaris Monterrey
78%
American Airlines/American Eagle/Frontier Airlines Omaha
78%
American Airlines Rio de Janerio (Galeão)
78%
American Airlines Anchorage
77%
American Eagle Baton Rouge
77%
American Airlines/American Eagle Des Moines
77%
American Airlines Nassau
77%
Spirit Airlines Oakland
77%
American Airlines Rome (Fiumicino)
77%
American Airlines Buenos Aires (Ezeiza)
76%
American Airlines/Spirit Airlines Fort Lauderdale
76%
American Airlines/Lufthansa Frankfurt
76%
American Airlines Fresno
76%
American Airlines Key West
76%
American Airlines/American Eagle Knoxville
76%
American Airlines Madison
76%
American Airlines Santiago de Chile
76%
American Eagle Springfield/Branson
76%
Cathay Pacific Hong Kong
74%
Turkish Airlines Istanbul
74%
American Eagle Mobile (Regional)
74%
American Airlines Richmond
74%
Qatar Airways Doha
73%
American Eagle Montgomery
73%
American Airlines/Frontier Airlines/Spirit Airlines San Juan
73%
American Airlines Shanghai (Pudong)
73%
American Eagle Billings
72%
American Airlines/Viva/Volaris Guadalajara
72%
American Airlines/American Eagle Lexington
72%
American Eagle Santa Fe
72%
American Airlines/American Eagle Amarillo
71%
American Eagle Augusta (GA)
71%
American Airlines/American Eagle Bozeman
71%
American Airlines Guatemala City
71%
American Airlines/Avianca El Salvador San Salvador
71%
American Airlines São Paulo (Guarulhos)
71%
American Airlines Spokane
71%
American Airlines Albany
70%
American Airlines/American Eagle Fayetteville/Bentonville
70%
American Eagle Midland/Odessa
70%
American Eagle Dayton
69%
American Airlines Hartford
69%
American Airlines/American Eagle Lubbock
69%
American Airlines/American Eagle Sioux Falls
69%
American Eagle Aspen
68%
American Eagle Bismarck
68%
American Eagle Chattanooga
68%
American Eagle Fargo
68%
American Airlines Fort Myers
68%
American Airlines/American Eagle Grand Rapids
68%
American Airlines/American Eagle/Spirit Airlines Myrtle Beach
68%
American Airlines/Frontier Airlines Norfolk
68%
American Eagle Tallahassee
68%
American Airlines/American Eagle Asheville
67%
American Airlines Bakersfield
67%
American Airlines Burbank
67%
Finnair Helsinki
67%
American Airlines/American Eagle Huntsville
67%
American Airlines Auckland
66%
American Airlines Belize City
64%
American Eagle Brownsville/South Padre Island
64%
American Eagle Columbia (MO)
64%
American Airlines/American Eagle Columbia (SC)
64%
American Airlines Eugene
64%
American Airlines/American Eagle Greensboro
64%
American Airlines/Frontier Airlines Ontario
64%
American Airlines Sarasota
64%
EVA Air Taipei (Taoyuan)
64%
American Airlines West Palm Beach
64%
American Airlines/American Eagle Cedar Rapids/Iowa City
63%
American Eagle Laredo
63%
American Airlines/American Eagle McAllen
63%
American Airlines/Spirit Airlines/Sun Country Airlines Puerto Vallarta
63%
American Eagle Shreveport
63%
American Airlines/American Eagle Wilmington (NC)
63%
American Eagle Corpus Christi
62%
American Airlines Syracuse
62%
American Airlines Brisbane
61%
American Airlines/American Eagle Destin/Fort Walton Beach
61%
American Airlines/Frontier Airlines Eagle/Vail
61%
American Airlines/Sun Country Airlines Palm Springs
61%
American Eagle Fort Wayne
60%
American Airlines/Frontier Airlines/Sun Country Airlines Montego Bay
59%
American Eagle Abilene
58%
American Airlines/Sun Country Airlines Cozumel
58%
American Eagle Flagstaff
58%
Contour Airlines Greenville (MS)
58%
American Airlines Harrisburg
58%
American Airlines/American Eagle/Spirit Airlines Pensacola
58%
American Airlines/American Eagle Greenville/Spartanburg
57%
American Airlines/Sun Country Airlines Punta Cana
57%
American Airlines Santa Barbara
57%
American Eagle Waco
57%
American Airlines/American Eagle Missoula
56%
American Airlines/Sun Country Airlines Orange County
56%
American Airlines Aruba
54%
American Eagle Lafayette
54%
American Eagle/Breeze Airways Provo
54%
American Eagle College Station
53%
American Eagle Gulfport/Biloxi
53%
American Eagle South Bend
53%
American Eagle St. George (UT)
53%
American Eagle Gainesville
52%
American Eagle Grand Junction
52%
American Airlines Jackson Hole
52%
American Airlines Tegucigalpa/Comayagua
52%
American Airlines Monterey (CA)
51%
American Eagle Durango (CO)
50%
American Airlines Durango (MX)
50%
American Airlines/American Eagle Merida
50%
American Eagle Peoria
50%
American Eagle Roswell
50%
American Airlines Kahului
49%
Avelo Airlines New Haven
49%
American Eagle Rapid City
49%
American Airlines Redmond/Bend
49%
American Eagle Acapulco
48%
American Eagle Aguascalientes
48%
American Eagle Monroe
48%
American Airlines Oaxaca
48%
American Eagle Alexandria
47%
American Eagle Evansville
47%
American Eagle Idaho Falls
47%
American Airlines Montrose
47%
American Airlines Tulum
47%
American Eagle Tyler
47%
American Eagle Appleton
46%
American Airlines Grand Cayman
46%
American Airlines/Sun Country Airlines Liberia (CR)
46%
American Eagle Texarkana
46%
American Eagle Fort Smith
44%
American Airlines/Viva Leon/Del Bajio
44%
American Eagle San Angelo
44%
American Eagle Yuma
44%
American Eagle Beaumont
43%
American Eagle Harlingen
43%
American Airlines Hayden/Steamboat Springs
43%
American Airlines Mazatlan
43%
American Airlines/American Eagle Glacier Park/Kalispell
41%
American Eagle Killeen/Fort Cavazos
41%
American Eagle Moline/Quad Cities
41%
Fiji Airways Nadi
41%
American Airlines Providenciales
41%
American Airlines St. Thomas
41%
American Airlines Venice
41%
American Eagle Chihuahua
40%
American Eagle Wichita Falls
40%
American Eagle Lawton
39%
American Airlines/Viva Queretaro
39%
American Eagle Tri-Cities (TN)
39%
American Eagle Veracruz
39%
American Eagle Lake Charles
38%
American Airlines Traverse City
38%
American Airlines San Luis Obispo
37%
American Eagle Manhattan (KS)
36%
American Airlines/Volaris San Luis Potosi
36%
American Airlines/Volaris Morelia
34%
American Eagle Bloomington/Normal
33%
American Eagle Champaign/Urbana
33%
American Eagle Ixtapa/Zihuatanejo
33%
American Eagle Québec City
33%
American Eagle Longview
32%
American Airlines Roatan
31%
American Eagle Stillwater
31%
American Eagle Grand Island
30%
American Airlines Kailua-Kona
30%
American Eagle Torreón/Gómez Palacio
30%
American Airlines Gunnison/Crested Butte
29%
American Eagle Zacatecas
29%
Southern Airways Express Hot Springs
28%
American Eagle Loreto
28%
Denver Air Connection Clovis (NM)
27%
Contour Airlines Tupelo
27%
Southern Airways Express Harrison (AR)
23%
Southern Airways Express El Dorado (AR)
21%
American Eagle Tampico
20%
American Eagle Garden City
18%
American Eagle Manzanillo
18%
Contour Airlines Fort Leonard Wood
16%
American Eagle Huatulco
16%
No matching quizzes found
Score Distribution
Percent of People with Each Score
Percentile by Number Answered
Your Score History
You have not taken this quiz since the last reset